| Tag |
First Indicator |
Second Indicator |
Subfields |
| LEADER |
00000cam a22000001a 4500 |
| 001 |
in00003166321 |
| 006 |
m d f |
| 007 |
cr bn mmmapmmp |
| 008 |
090617s1957 dcu o f000 0 eng d |
| 005 |
20260511183821.1 |
| 035 |
|
|
|a cis2007423237
|
| 040 |
|
|
|a UMI
|c UMI
|d UtOrBLW
|
| 043 |
|
|
|a n-us---
|
| 086 |
0 |
|
|a Y 4.Ar 5/2 a:957-58/53
|
| 099 |
|
|
|a HRG-1957-ASH-0051
|
| 110 |
1 |
|
|a United States.
|b Congress.
|b House.
|b Committee on Armed Services.
|
| 245 |
1 |
0 |
|a Full Committee Hearing on H.R. 8850, To Amend the Universal Military Training and Service Act To Authorize Additional Deferments in Certain Cases :
|b hearings before the United States House Committee on Armed Services, Eighty-Fifth Congress, first session, on July 25, 1957.
|
| 264 |
|
1 |
|a Washington :
|b U.S. G.P.O.,
|c 1957.
|
| 300 |
|
|
|a 1 online resource.
|
| 336 |
|
|
|a text
|b txt
|2 rdacontent
|
| 337 |
|
|
|a computer
|b c
|2 rdamedia
|
| 338 |
|
|
|a online resource
|b cr
|2 rdacarrier
|
| 500 |
|
|
|a Record is based on bibliographic data in ProQuest Congressional Hearings Digital Collection. Reuse except for individual research requires license from ProQuest, LLC.
|
| 520 |
|
|
|a Committee Serial No. 53. Considers legislation to raise physical and mental requirements for armed services draftees.
|
| 520 |
|
|
|a Considers (85) H.R. 8850.
|
| 538 |
|
|
|a System requirements: PDF reader software.
|
| 500 |
|
|
|a Electronic resource.
|
| 650 |
|
0 |
|a Draft
|x Law and legislation
|z United States.
|
| 655 |
|
7 |
|a Electronic books.
|2 local
|
| 710 |
2 |
|
|a ProQuest (Firm)
|
| 776 |
0 |
8 |
|i Print version:
|a United States. Congress. House. Committee on Armed Services.
|t Full Committee Hearing on H.R. 8850, To Amend the Universal Military Training and Service Act To Authorize Additional Deferments in Certain Cases
|
| 776 |
0 |
8 |
|i Microfiche version:
|a United States. Congress. House. Committee on Armed Services.
|t Full Committee Hearing on H.R. 8850, To Amend the Universal Military Training and Service Act To Authorize Additional Deferments in Certain Cases.
|d [Bethesda, Md.] : ProQuest,[2004]
|o CIS Hrgs MF Gp 3--(85) H1622-0.17
|w (ProQuest)cis10601695
|
| 830 |
|
0 |
|a U.S. Congressional Hearings.
|
| 856 |
4 |
0 |
|u http://proxy.library.tamu.edu/login?url=https://congressional.proquest.com/congcomp/getdoc?HEARING-ID=HRG-1957-ASH-0051
|z Connect to the full text of this electronic book
|t 0
|
| 998 |
|
|
|a cis10601695
|
| 999 |
|
|
|a MARS
|
| 999 |
f |
f |
|s 1eca8142-526f-3f2f-9320-0f2c9144e1de
|i 67549c2b-1754-3d12-8bb5-43dd5854ca4e
|t 0
|
| 952 |
f |
f |
|a Texas A&M University
|b College Station
|c Electronic Resources
|s www_evans
|d Available Online
|t 0
|e HRG-1957-ASH-0051
|h Other scheme
|
| 998 |
f |
f |
|a HRG-1957-ASH-0051
|t 0
|l Available Online
|